Statistics for 347aidan - Dancing in My Room

Click here to take the quiz!

General Stats

  • This quiz has been taken 8 times
  • The average score is 212 of 411

Answer Stats

Answer% Correct
a
100%
an
75%
and
75%
And
75%
Dancing
75%
dancing
75%
I
75%
I'm
75%
In
75%
in
75%
love
75%
my
75%
on
75%
room
75%
(room)
75%
the
75%
you
75%
all
50%
Alone
50%
Baby
50%
baby
50%
be
50%
candy
50%
cheek
50%
Cotton
50%
day
50%
don't
50%
dream
50%
ever
50%
feet
50%
for
50%
give
50%
got
50%
if
50%
it
50%
I've
50%
Just
50%
just
50%
kiss
50%
leave
50%
like
50%
me
50%
of
50%
one
50%
run
50%
skies
50%
stuck
50%
swaying
50%
Swaying
50%
That
50%
that
50%
to
50%
Tryna
50%
very
50%
way
50%
when
50%
you're
50%
You're
50%
Aidan
25%
angel
25%
another
25%
are
25%
away
25%
been
25%
blue
25%
care
25%
Cause
25%
demons
25%
even
25%
everyone
25%
feeling
25%
feelings
25%
fight
25%
Fuck
25%
girl
25%
I'll
25%
lemonade
25%
made
25%
need
25%
night
25%
not
25%
okay
25%
pearls
25%
pretty
25%
records
25%
She
25%
She's
25%
shitty
25%
silence
25%
some
25%
speaking
25%
there
25%
through
25%
wall
25%
What
25%
wonder
25%
world
25%
ya
25%
bro
0%
change
0%
come
0%
Damn
0%
down
0%
know
0%
na
0%
Na
0%
necklace
0%
nightmares
0%
Passage
0%
reasons
0%
right
0%
round
0%
scares
0%
sippin
0%
up
0%
Well
0%
Whenever
0%
will
0%
Yeah
0%
yeah
0%
you'll
0%

Score Distribution

Percentile by Number Answered

Percent of People with Each Score

Your Score History

You have not taken this quiz